Statistics for Countries with a Tropical Monsoon Climate

Click here to take the quiz!

General Stats

  • This quiz has been taken 77 times
  • The average score is 70 of 78

Answer Stats

Answer% Correct
United States
100%
United States
100%
Brazil
96%
India
96%
Vietnam
96%
Cambodia
94%
China
94%
Colombia
94%
Ecuador
94%
Haiti
94%
Honduras
94%
Indonesia
94%
Laos
94%
Mexico
94%
Nigeria
94%
Paraguay
94%
Peru
94%
Suriname
94%
Thailand
94%
Belize
93%
Costa Rica
93%
Cuba
93%
Democratic Republic of the Congo
93%
Dominican Republic
93%
France
93%
France
93%
France
93%
France
93%
Guyana
93%
Panama
93%
Venezuela
93%
Australia
92%
Barbados
92%
Bolivia
92%
Cameroon
92%
Guatemala
92%
Malaysia
92%
Myanmar
92%
Nicaragua
92%
Taiwan
92%
Bangladesh
90%
Guinea
90%
Guinea Bissau
90%
Jamaica
90%
Madagascar
90%
Mozambique
90%
Saint Kitts and Nevis
90%
Togo
90%
Trinidad and Tobago
90%
Bahamas
89%
Equatorial Guinea
89%
Ghana
89%
Japan
89%
Liberia
89%
Maldives
89%
Republic of the Congo
89%
Sri Lanka
89%
Tanzania
89%
United Kingdom
89%
Central African Republic
87%
Fiji
87%
Gabon
87%
Kenya
87%
Uganda
87%
Papua New Guinea
86%
Philippines
86%
Sierra Leone
86%
Ivory Coast
85%
Mauritius
85%
Netherlands
85%
Samoa
85%
Ethiopia
83%
Malawi
83%
East Timor
82%
Sao Tome and Principe
82%
Vanuatu
82%
Grenada
80%
Comoros
76%

Score Distribution

Percentile by Number Answered

Percent of People with Each Score

Your Score History

You have not taken this quiz